00934cam a2200241Ia 45000010006000000050017000060080041000230100017000640350023000810400023001040200015001270200018001420350037001601000025001972450156002222600115003783000035004935040056005286500024005846500023006086500027006316500034006585051420230411090003.0960131s1995 vaua b 000 0 eng d a 95067358  a(OCoLC)ocm34110269 aGYScGYSdCTNdIAI a0962964867 a9780962964862 a(OCoLC)34110269z(OCoLC)338532911 aStettinius, Wallace.10aWinning in a changing environment :blearning to manage in a changing environment which means learning to think strategically /cby Wallace Stettinius. aRichmond, Va. :bW. Stettinius ;aAlexandria, Va :bDistributed by the Printing Industries of America,cc1995. axxii, 287 p. :bill. ;c26 cm. aIncludes bibliographical references (p. [283]-287). 0aStrategic planning. 0aCorporate profits. 0aIndustrial management. 0aCreative ability in business.